000 00400nam a22001577a 4500
003 OSt
005 20180116182948.0
008 131008b xxu||||| |||| 00| 0 eng d
040 _c0
082 _23rd
_a300.723 PAT 2001
100 _aMichalael Quinn Patton
245 _aQualitiative Research & Evaluation Methods
_cMichalael Quinn Patton
260 _c2011
300 _a127p.
942 _2ddc
_cBK
999 _c349398
_d349398